| 000 | 01844nam a2200409Ii 4500 | ||
|---|---|---|---|
| 001 | DIGUIBAG0059 | ||
| 003 | NyNyDIG | ||
| 008 | 231004s2018 ck a ob 000 0 spa d | ||
| 006 | m o d | ||
| 007 | cr ||||||||||| | ||
| 035 | _a(OCoLC)1402839340 | ||
| 040 |
_aDGITA _beng _erda _epn _cDGITA |
||
| 020 |
_a9789587542882 _qeBook |
||
| 020 | _z9789587542875 | ||
| 050 | 1 | 4 | _aQC851 ebook |
| 245 | 0 | 0 |
_aEstudio del impacto de los fenómenos climáticos en las actividades socioeconómicas : _baportes para el estudio en el departamento del Tolima / _ccoordinador académico, Jaime Eduardo Reyes Martínez ; investigadores, Diana Patricia Ávila, Héctor Javier Castro, Mayra Brigette González. |
| 264 | 1 |
_aIbagué, Colombia : _bEdiciones Unibagué, _c2018. |
|
| 300 |
_a1 online resource : _billustrations. |
||
| 336 |
_atext _btxt _2rdacontent |
||
| 337 |
_acomputer _bc _2rdamedia |
||
| 338 |
_aonline resource _bcr _2rdacarrier |
||
| 347 |
_atext file _2rdaft |
||
| 347 | _bPDF | ||
| 504 | _aIncludes bibliographical references. | ||
| 588 | 0 | _aOnline resource; title from PDF title page (Digitalia, viewed October 4, 2023) | |
| 650 | 0 |
_aClimatology _xEconomic aspects. |
|
| 700 | 1 |
_aReyes Martínez, Jaime Eduardo, _eeditor. |
|
| 700 | 1 |
_aÁvila Gutiérrez, Diana Patricia, _eauthor. |
|
| 700 | 1 |
_aCastro, Héctor Javier, _eauthor. |
|
| 700 | 1 |
_aGonzález, Mayra Brigette, _eauthor. |
|
| 776 | 0 | 8 |
_iPrint version: _tEstudio del impacto de los fenómenos climáticos en las actividades socioeconómicas. _dIbagué, Colombia : Ediciones Unibagué, 2018 _z9789587542875 |
| 791 | 2 |
_aDigitalia (Firm), _edistributor. |
|
| 793 | 0 |
_gDigitalia eBook Collection: _aUniversidad de Ibagué |
|
| 856 | 4 | 0 |
_3Digitalia Hispánica _uhttps://www.digitaliapublishing.com/a/130059/ |
| 910 | _aPremium collection: 2023 | ||
| 942 | _cRAA | ||
| 999 |
_c280773 _d280773 |
||